[Event "19th St Affrique Open"]
[Site "Saint Affrique FRA"]
[Date "2011.07.25"]
[Round "3.8"]
[White "Kukov,V"]
[Black "Adam,Et"]
[Result "1/2-1/2"]
[WhiteElo "2377"]
[BlackElo "2183"]

1.Nf3 d5 2.c4 c6 3.e3 Nf6 4.Nc3 a6 5.Qc2 e6 6.b3 Nbd7 7.d4 b5 8.Bd3 b4 9.Na4 Bb7
10.c5 Qc7 11.Bb2 a5 12.O-O Ba6 13.a3 Be7 14.axb4 Bxd3 15.Qxd3 axb4 16.Ra2 O-O
17.Rfa1 Ne4 18.Nd2 f5 19.f3 Nxd2 20.Qxd2 Qb7 21.Bc1 e5 22.Bb2 e4 23.Bc1 Ra6
24.Nb2 Rfa8 25.Rxa6 Rxa6 26.Rxa6 Qxa6 27.fxe4 fxe4 28.Qxb4 Qe2 29.Qd2 Qb5
30.Qc2 Bg5 31.Nd1 Nb8 32.Nc3  1/2-1/2

[Event "TCh-POR 1st Div"]
[Site "Torres Vedras POR"]
[Date "2011.07.25"]
[Round "3.7"]
[White "Viela,A"]
[Black "Gallardo Retortillo,E"]
[Result "1-0"]
[WhiteElo "2241"]
[BlackElo "2149"]

1.Nf3 d5 2.c4 c6 3.b3 Bg4 4.e3 e6 5.Bb2 Nf6 6.Be2 Nbd7 7.Nc3 Bd6 8.O-O O-O
9.cxd5 exd5 10.Nd4 Bxe2 11.Qxe2 Re8 12.f4 Bf8 13.Qf3 Nc5 14.Qe2 Nce4 15.Nf3 c5
16.Ne5 Qa5 17.g4 Qd8 18.g5 Nxc3 19.Bxc3 Ne4 20.Bb2 Bd6 21.Qg2 Nxg5 22.Nxf7 Kxf7
23.fxg5+ Kg6 24.Kh1 Re4 25.Rf2 Qd7 26.Raf1 Qe6 27.Rf3 Qg4 28.Qxg4 Rxg4 29.Rf7 d4
30.Rd7 Be5 31.Re7 Rxg5 32.exd4 cxd4 33.Re1 Bf6 34.Rxb7 Rc8 35.Rxa7 Rc2 36.Bc1 Rgc5
37.Ba3 Rb5 38.Bc1 Rbc5 39.Ba3 Rh5 40.Rg1+ Kh6 41.Ra6 Rg5 42.Rxg5 Kxg5 43.Bb4 Kf4
44.Kg2 Ke4 45.a3 Bg5 46.Re6+ Kd3 47.Re1 Rb2 48.Rf1 Kc2 49.Kf3 Kxb3 50.Ke4 Bxd2
51.Kxd4 Bxb4 52.axb4 Rxh2 53.b5 Ka4 54.Rb1 Rd2+ 55.Kc5 Rc2+ 56.Kd6 Rd2+ 57.Kc7 Rc2+
58.Kb8 Rc5 59.b6 g5 60.b7 g4 61.Ra1+ Kb4 62.Ka8  1-0

[Event "15th Godesburg Open"]
[Site "Bad Godesberg GER"]
[Date "2011.07.26"]
[Round "4.12"]
[White "Zentgraf,R"]
[Black "Mass,E"]
[Result "1-0"]
[WhiteElo "2136"]
[BlackElo "1964"]

1.Nf3 d5 2.c4 e6 3.g3 Nf6 4.Bg2 Be7 5.O-O O-O 6.d4 b6 7.Nc3 Bb7 8.Bf4 Nh5
9.Rc1 Nxf4 10.gxf4 dxc4 11.Qa4 c5 12.dxc5 Bxc5 13.Qxc4 Qe7 14.Rfd1 Rc8 15.Qd3 Na6
16.Ng5 g6 17.Nce4 Nb4 18.Qh3 h5 19.Rd7 Bxe4 20.Nxe4 Qf8 21.Nxc5 bxc5 22.Bxa8 Rxa8
23.Rcd1 Nd5 24.Qf3 Qc8 25.R1xd5 exd5 26.Qxd5 Qe8 27.b3 Rc8 28.f5 gxf5 29.Qxf5 c4
30.Rxf7 Qxf7 31.Qxc8+ Kg7 32.Qxc4 Qg6+ 33.Kf1 Qb1+ 34.Kg2 Qxa2 35.Qd4+ Kh6
36.Qh8+ Kg6 37.Qg8+ Kf6 38.Qf8+ Kg6 39.Qe8+ Kf5 40.Qe3 Kg6 41.h4 Kf7 42.Qf4+ Ke7
43.Qe5+ Kf8 44.Qxh5 Qxb3 45.Qf3+ Qxf3+ 46.Kxf3  1-0

[Event "ch-AUT"]
[Site "Linz AUT"]
[Date "2011.07.26"]
[Round "4"]
[White "Holzmann,H"]
[Black "Niederwieser,P"]
[Result "1/2-1/2"]
[WhiteElo "2127"]
[BlackElo "2188"]

1.Nf3 d5 2.c4 c6 3.Qc2 Nf6 4.d3 Bg4 5.Nbd2 Nbd7 6.h3 Bh5 7.g3 e6 8.Bg2 Bd6
9.O-O O-O 10.b3 a5 11.Bb2 Qb8 12.Rfe1 Re8 13.e4 dxe4 14.Nxe4 Nxe4 15.dxe4 e5
16.Rad1 Nc5 17.Rd2 Qc7 18.Red1 Bf8 19.g4 Bg6 20.Nh4 f6 21.Nxg6 hxg6 22.Bc3 Rad8
23.Kf1 Ne6 24.Bb2 Bb4 25.Rxd8 Rxd8 26.a3 Bc5 27.Rxd8+ Qxd8 28.Kg1 Qd6 29.a4 g5
30.Bf1 Bd4 31.Bc1 Bc5 32.Bb2 Nf4 33.Bc1 Ne6 34.Bb2 Ba3 35.Bc3 Bb4 36.Bb2 Nd4
37.Bxd4 exd4 38.Qd3 c5 39.Qf3 g6 40.Bd3 Qe5 41.Qe2 Kg7 42.Kg2 Kf7 43.Bc2 Ba3
44.Qd2 b6 45.Bd3 Bb4 46.Qe2 Ke6 47.Qd1 Qf4 48.Qf3 Qe5 49.Qg3 Bd2 50.h4 Bf4
51.Qh3 gxh4 52.Qxh4 Qg5 53.Qxg5 Bxg5 54.Kf3 Ke5 55.Ke2 Kf4 56.f3 Bh4 57.Bc2 Bg5  1/2-1/2

[Event "2nd ch-Vojvodina"]
[Site "Novi Sad SRB"]
[Date "2011.07.26"]
[Round "4.10"]
[White "Pezelj,N"]
[Black "Beslin,Igor"]
[Result "1-0"]
[WhiteElo "2364"]
[BlackElo "2036"]

1.Nf3 d5 2.c4 e6 3.g3 Nf6 4.Bg2 Be7 5.O-O O-O 6.d4 b6 7.Qc2 Bb7 8.Rd1 Nbd7
9.Ne5 c5 10.cxd5 exd5 11.Nc3 cxd4 12.Nxd7 dxc3 13.Nxf8 cxb2 14.Bxb2 Qxf8
15.Rac1 Ne4 16.Qc7 Ba6 17.Rxd5 Nc5 18.Rdxc5 Bxc5 19.Bxa8 Qxa8 20.Rd1 Bf8
21.Rd8 Qe4 22.Rxf8+ Kxf8 23.Qd8+  1-0

[Event "ch-AUT"]
[Site "Linz AUT"]
[Date "2011.07.27"]
[Round "5"]
[White "Schwabeneder,A"]
[Black "Ernst,M"]
[Result "1-0"]
[WhiteElo "2061"]
[BlackElo "2146"]

1.Nf3 d5 2.c4 c6 3.e3 Nf6 4.b3 Bg4 5.Be2 Nbd7 6.Bb2 e6 7.Ne5 Nxe5 8.Bxe5 Bxe2
9.Qxe2 Bd6 10.Bb2 O-O 11.O-O e5 12.cxd5 cxd5 13.Nc3 a6 14.h3 Rc8 15.Qd3 e4
16.Qb1 Bb8 17.Ne2 Qd6 18.g3 Nd7 19.f4 exf3 20.Rxf3 Qh6 21.Qf5 Qe6 22.Nd4 Qd6
23.Qg5 Qg6 24.Qh4 Ne5 25.Rf4 Bc7 26.Nf3 Nxf3+ 27.Rxf3 f6 28.Raf1 Qe4 29.Qh5 Ba5
30.Rf4 Qe6 31.Rh4 h6 32.b4 Bc7 33.Qg6 Qf7 34.Rxf6 Qe7 35.Rxh6 Rxf6 36.Bxf6 Qf7
37.Qh7+ Kf8 38.Qh8+ Qg8 39.Bxg7+ Kf7 40.g4 Qxg7 41.Qxc8 Qxh6 42.Qxc7+ Ke8
43.Qe5+ Kd7 44.Qxd5+ Kc7 45.Kg2 Qh4 46.Qf3 Qe1 47.Qg3+  1-0

[Event "4th Paleohora Open"]
[Site "Paleochora GRE"]
[Date "2011.07.27"]
[Round "9"]
[White "Khetsuriani,B"]
[Black "Zinchenko,Ya"]
[Result "0-1"]
[WhiteElo "2325"]
[BlackElo "2543"]

1.Nf3 d5 2.c4 e6 3.d4 c6 4.Qc2 dxc4 5.Qxc4 Nf6 6.g3 b5 7.Qc2 Bb7 8.Bg2 Nbd7
9.O-O Rc8 10.a4 c5 11.dxc5 Nxc5 12.Rd1 Qb6 13.a5 Qa6 14.Ne1 Nce4 15.Qd3 Be7
16.Nd2 Rd8 17.Qb3 Bd5 18.Qc2 Nxf2  0-1

[Event "Czech GM Open A"]
[Site "Pardubice CZE"]
[Date "2011.07.27"]
[Round "6.34"]
[White "Alonso Rosell,A"]
[Black "Ageichenko,G"]
[Result "1-0"]
[WhiteElo "2502"]
[BlackElo "2356"]

1.Nf3 d5 2.c4 c6 3.d4 Nf6 4.Nc3 dxc4 5.a4 Bf5 6.Nh4 Bg4 7.h3 Bc8 8.e3 e6
9.Bxc4 Nd5 10.Nf3 Be7 11.O-O O-O 12.e4 Nxc3 13.bxc3 c5 14.Qe2 Nc6 15.Rd1 Bd7
16.Bd3 cxd4 17.cxd4 Nb4 18.Bb1 Qe8 19.a5 Bb5 20.Qd2 Ba4 21.Re1 Rc8 22.d5 Nc2
23.Bxc2 Rxc2 24.Qd3 Bb4 25.Ba3 Rc3 26.Qd4 Rxa3 27.Qxb4 Rxa1 28.Rxa1 Bb5 29.Rc1 exd5
30.exd5 h6 31.Rc7 Ba6 32.d6 Qe6 33.Re7 Qc4 34.Qd2 Rd8 35.Kh2 Qd3 36.Qxd3 Bxd3
37.Rxb7 Be4 38.Rxa7 Bxf3 39.gxf3 Rxd6 40.a6 Rd2 41.Rb7 Rxf2+ 42.Kg3 Ra2 43.a7 Kh7
44.Rxf7 Kg6 45.Rb7 Kf6 46.Kf4 Ra4+ 47.Ke3 g5 48.Kd3 Kg6 49.Kc3 Kh5 50.Kb3 Ra1
51.Re7 Kg6 52.Kb4 Kf5 53.Kb5 Ra2 54.Kb6 Rb2+ 55.Kc7 Ra2 56.Kb8 Kf4 57.a8=Q Rxa8+
58.Kxa8 Kxf3 59.Rh7  1-0

[Event "19th St Affrique Open"]
[Site "Saint Affrique FRA"]
[Date "2011.07.27"]
[Round "6.1"]
[White "Milchev,N"]
[Black "Karpatchev,A"]
[Result "1-0"]
[WhiteElo "2389"]
[BlackElo "2485"]

1.Nf3 d5 2.c4 dxc4 3.Qa4+ Nc6 4.Ne5 Bd7 5.Nxd7 Qxd7 6.Qxc4 e5 7.e3 O-O-O
8.a3 f5 9.d3 Nf6 10.Be2 e4 11.d4 h5 12.b4 Kb8 13.Nd2 h4 14.Nb3 h3 15.g3 Bd6
16.Nc5 Bxc5 17.bxc5 Ne7 18.Rb1 c6 19.Bd2 Ned5 20.Qa4 Qc8 21.Rb2 Rd7 22.O-O g5
23.Rfb1 Rhh7 24.Ba5 f4 25.Bb6 axb6 26.cxb6 Nxb6 27.Rxb6 Nd5 28.Ra6 Nc7 29.Rxc6 Qf8
30.Rcb6 Nd5 31.Ra6 Nc7 32.Rxb7+ Kxb7 33.Qc6+ Kb8 34.Rb6+ Kc8 35.Ba6+ Kd8
36.Rb8+ Ke7 37.Qc5+  1-0

[Event "Sparkassen Open A"]
[Site "Dortmund GER"]
[Date "2011.07.28"]
[Round "6.22"]
[White "Simon,Th"]
[Black "Mazarov,J"]
[Result "1/2-1/2"]
[WhiteElo "1963"]
[BlackElo "2172"]

1.Nf3 d5 2.c4 e6 3.g3 Nf6 4.Bg2 c6 5.d4 dxc4 6.a4 Bb4+ 7.Bd2 a5 8.Na3 Qe7
9.Nxc4 Ra6 10.O-O O-O 11.Qc2 Bxd2 12.Nfxd2 c5 13.dxc5 Qxc5 14.Rac1 Nc6 15.Ne4 Nxe4
16.Bxe4 f5 17.Bg2 e5 18.Rfd1 Be6 19.e3 e4 20.Bf1 Raa8 21.Nd6 Qxc2 22.Rxc2 Rad8
23.Rcd2 Ne5 24.Be2 Bb3 25.Rc1 Nf7 26.Bc4 Bxc4 27.Nxc4 Rxd2 28.Nxd2 Rd8 29.Nb3 b6
30.Nd4 g6 31.Rc6 Rb8 32.h3 Ne5 33.Rc7 Rd8 34.Kg2 Rd6 35.Re7 Nd7 36.g4 fxg4
37.hxg4 Nc5 38.b3 Rd7 39.Re8+ Kf7 40.Rb8 Rb7 41.Rc8 Kg7 42.Rc6 Kf7 43.Kg3 Ke8  1/2-1/2

[Event "Sparkassen Open A"]
[Site "Dortmund GER"]
[Date "2011.07.29"]
[Round "7.8"]
[White "Begna,B"]
[Black "Rott,G"]
[Result "0-1"]
[WhiteElo "2102"]
[BlackElo "2223"]

1.Nf3 d5 2.c4 c6 3.e3 Nf6 4.b3 Bf5 5.Bb2 e6 6.Be2 h6 7.O-O Nbd7 8.d3 Bd6
9.Re1 Qc7 10.Ba3 c5 11.cxd5 exd5 12.Nc3 Qa5 13.Bb2 O-O 14.Bf1 Bg4 15.h3 Bh5
16.Be2 Rfe8 17.Qd2 Bc7 18.d4 Ne4 19.Qc2 Ndf6 20.dxc5 Qxc5 21.Nd4 Qd6 22.f4 Ba5
23.Nxe4 Rxe4 24.Rf1 Bxe2 25.Qxe2 Rae8 26.Rf3 Bb6 27.Qd3 a6 28.g4 g6 29.Kg2 Nd7
30.Rd1 Qe7 31.Nc2 d4 32.Bxd4 Bxd4 33.Nxd4 Rxe3 34.Rxe3 Qxe3 35.Qxe3 Rxe3
36.Nf3 Nc5 37.Rd2 Nd3 38.f5 gxf5 39.gxf5 Kg7 40.Ng1 Kf6 41.Nf3 Kxf5 42.Nd4+ Ke4
43.Nc2 Nf4+ 44.Kf1 Rxh3 45.Kg1 Rd3 46.Rh2 Rd1+  0-1

[Event "19th St Affrique Open"]
[Site "Saint Affrique FRA"]
[Date "2011.07.29"]
[Round "8.6"]
[White "Milchev,N"]
[Black "Ravot,S"]
[Result "1/2-1/2"]
[WhiteElo "2389"]
[BlackElo "2267"]

1.Nf3 d5 2.c4 d4 3.e4 c5 4.d3 Nc6 5.Be2 e5 6.Nbd2 Bd6 7.h4 h6 8.Nf1 a6 9.Ng3 g6
10.a3 b5 11.Nd2 h5 12.b3 Be6 13.Nf3 f6 14.Bd2 Rb8 15.O-O Rh7 16.Qc2 Qc8 17.Rfc1 bxc4
18.dxc4 a5 19.Ne1 Rhb7 20.Rab1 Ra8 21.Nd3 Qb8 22.Rb2 Nge7 23.Rcb1 Raa7 24.Qc1 Qc8
25.Be1 Rb8 26.Bd1 Kd7 27.Bd2 Qg8 28.f4 exf4 29.Bxf4 Ne5 30.Bxe5 fxe5 31.b4 axb4
32.axb4 Bxc4 33.Nxc5+ Bxc5 34.bxc5 Rxb2 35.Qxb2 Nc6 36.Ba4 Qa8 37.Bxc6+ Qxc6
38.Qb8 Qxc5 39.Kh2 Rc7 40.Rb6 Be6 41.Nf1 Qe7 42.Kg1 d3 43.Ra6  1/2-1/2

[Event "15th HZ Open"]
[Site "Vlissingen NED"]
[Date "2011.08.01"]
[Round "4"]
[White "L'Ami,E"]
[Black "Go,B"]
[Result "1-0"]
[WhiteElo "2611"]
[BlackElo "2124"]

1.Nf3 d5 2.c4 c6 3.e3 Nf6 4.Nc3 a6 5.d4 g6 6.Be2 Bg7 7.O-O O-O 8.a4 b6 9.cxd5 cxd5
10.b3 Bb7 11.Ba3 Nbd7 12.Rc1 Rc8 13.Ne5 Ne8 14.Nd3 Ndf6 15.a5 b5 16.Nc5 Bc6
17.Qe1 Nc7 18.Na2 Ba8 19.Nb4 Qd6 20.Nbd3 Nd7 21.Bb4 Nxc5 22.Bxc5 Qd7 23.Bb6 Ne6
24.Rb1 Bb7 25.f4 f5 26.g4 Kh8 27.g5 Kg8 28.Bf3 Qd6 29.h4 Kf7 30.h5 Rc2 31.Nb4 Rcc8
32.Rb2 Rg8 33.Rh2 Nf8 34.Bc5 Qe6 35.Nd3 Nd7 36.Kf2 Ba8 37.b4 Rh8 38.Rfh1 Bb7
39.Rh3 Ba8 40.R1h2 Rcd8 41.Qh1 Nxc5 42.Nxc5 Qc8 43.hxg6+ hxg6 44.Rxh8 Rxh8
45.Rxh8 Bxh8 46.Bxd5+  1-0

[Event "37th Badalona Open A"]
[Site "Badalona ESP"]
[Date "2011.08.02"]
[Round "2"]
[White "Bacallao Alonso,Y"]
[Black "Ramiro Ovejero,J"]
[Result "1/2-1/2"]
[WhiteElo "2532"]
[BlackElo "2293"]

1.Nf3 d5 2.c4 d4 3.b4 Bg4 4.g3 Bxf3 5.exf3 e5 6.Bg2 Nd7 7.O-O Bxb4 8.f4 c6
9.fxe5 Ne7 10.Qg4 O-O 11.Qxd4 Nc5 12.Bb2 Qxd4 13.Bxd4 Rfd8 14.a3 Rxd4 15.axb4 Nd3
16.b5 Nxe5 17.Re1 N7g6 18.Nc3 Rxd2 19.f4 Nxc4 20.bxc6 bxc6 21.Bxc6 Rc8 22.Bg2 Nd6
23.Nd5 Rcc2 24.Bf3 h5 25.Ra6 Nb5 26.Ne3 Rc5 27.Nf1 Rd6 28.Re8+ Nf8 29.Ra5 g6
30.Ra8 Kg7 31.Be2  1/2-1/2

[Event "16th Creon Open"]
[Site "Creon FRA"]
[Date "2011.08.02"]
[Round "2.14"]
[White "Duffau,P"]
[Black "Santos Latasa,J"]
[Result "0-1"]
[WhiteElo "1974"]
[BlackElo "2242"]

1.Nf3 d5 2.c4 c6 3.e3 Nf6 4.Nc3 Nbd7 5.d4 e6 6.Bd3 dxc4 7.Bxc4 b5 8.Bd3 Bb7
9.O-O a6 10.e4 c5 11.e5 cxd4 12.Nxb5 Bxf3 13.Qxf3 Nd5 14.Nxd4 Nxe5 15.Qe4 Nxd3
16.Qxd3 Bc5 17.Ne2 O-O 18.Nc3 Nxc3 19.Qxc3 Bd4 20.Qf3 Qb6 21.Rb1 Rac8 22.Be3 Rfd8
23.Bxd4 Rxd4 24.Rfc1 Rcd8 25.g3 R4d5 26.Rd1 h6 27.Rxd5 Rxd5 28.Qc3 Rc5 29.Qf3 Rf5
30.Qe2 h5 31.b4 Qb5 32.Qxb5 axb5 33.a4 bxa4 34.Ra1 h4 35.Kg2 hxg3 36.hxg3 Rd5
37.Rxa4 Rd3 38.Ra8+ Kh7 39.Rb8 Rb3 40.b5 Kg6 41.b6 Kf6 42.b7 g5 43.Kf1 Rb2
44.Ke1 Ke5 45.Rg8 Rxb7 46.Rxg5+ Ke4 47.Kf1 Kf3 48.Re5 Rb1+ 49.Re1 Rxe1+ 50.Kxe1 e5
51.Kf1 e4 52.Kg1 e3 53.fxe3 Kxg3  0-1

[Event "112th US Open"]
[Site "Orlando USA"]
[Date "2011.08.02"]
[Round "4"]
[White "Sundararajan,K"]
[Black "Dean,J"]
[Result "1-0"]
[WhiteElo "2491"]
[BlackElo "2272"]

1.Nf3 d5 2.c4 e6 3.g3 Nf6 4.Bg2 c5 5.cxd5 exd5 6.d4 Nc6 7.O-O cxd4 8.Nxd4 Be7
9.Nc3 O-O 10.Bg5 h6 11.Be3 Re8 12.Rc1 Bg4 13.h3 Be6 14.Kh2 Qd7 15.Qa4 a6
16.Nxc6 bxc6 17.Rfd1 Reb8 18.Bd4 Rb4 19.Qc2 Qb7 20.b3 Rc8 21.e4 dxe4 22.Bxf6 gxf6
23.Nxe4 Qb5 24.Nd6 Bxd6 25.Rxd6 Qe5 26.Qd2 c5 27.Rxa6 Kg7 28.Re1 Qd4 29.Qe2 c4
30.Rxe6 fxe6 31.Qxe6 Rc7 32.Re4 Qd8 33.Rg4+ Kh8 34.Bd5 Rb8 35.Bxc4 Qf8 36.Rg6 Re7
37.Qf5 Re5 38.Qf4 Rg5 39.Rxf6  1-0

[Event "Politiken Cup"]
[Site "Helsingor DEN"]
[Date "2011.08.03"]
[Round "6.7"]
[White "Ni Hua"]
[Black "Radulski,J"]
[Result "0-1"]
[WhiteElo "2662"]
[BlackElo "2556"]

1.Nf3 d5 2.c4 e6 3.g3 d4 4.Bg2 c5 5.O-O Nc6 6.e3 Nf6 7.exd4 cxd4 8.d3 Be7
9.Na3 O-O 10.Nc2 e5 11.Re1 Nd7 12.b4 f6 13.Rb1 a5 14.a3 Re8 15.Nh4 Nf8 16.b5 Nb8
17.f4 Bc5 18.f5 Kh8 19.Qh5 Re7 20.Ng6+ Nxg6 21.fxg6 Qg8 22.Rf1 Be6 23.Ne1 Bd6
24.Be4 Nd7 25.Ng2 Nc5 26.gxh7 Qe8 27.Bg6 Qc8 28.Qe2 Bg4 29.Qc2 e4 30.Bf4 Qd7
31.Nh4 Nxd3 32.Bxe4 Rxe4 33.Qxd3 Rae8 34.Be5 f5 35.Bxd6 Be2 36.Qd2 Bxf1 37.Rxf1 Qxd6
38.Qg5 Re1 39.Qxf5 Rxf1+ 40.Kxf1 Qf6 41.Qxf6 gxf6 42.Nf3 d3  0-1

[Event "Montecatini Open A"]
[Site "Montecatini Terme ITA"]
[Date "2011.08.03"]
[Round "5"]
[White "Braga,F"]
[Black "Stips,F"]
[Result "1-0"]
[WhiteElo "2447"]
[BlackElo "2213"]

1.Nf3 d5 2.c4 c6 3.e3 Nf6 4.d4 a6 5.Bd3 b5 6.cxd5 cxd5 7.O-O e6 8.Nbd2 Bb7
9.Nb3 Nbd7 10.Bd2 b4 11.a3 a5 12.axb4 axb4 13.Rxa8 Bxa8 14.Qc2 Bd6 15.Nc5 Qb6
16.Qa4 Ke7 17.Qxb4 Bxc5 18.dxc5 Qxc5 19.Rc1 Qxb4 20.Bxb4+ Kd8 21.Ng5 Ne5
22.Ba6 Kd7 23.Nxf7 Nxf7 24.Bb5+ Kd8 25.Ba5+ Ke7 26.Rc7+ Kd6 27.Rxf7 Rc8 28.Bb4+ Ke5
29.Bc3+ Kf5  1-0

[Event "Prima Pack Cup GM2"]
[Site "Olomouc CZE"]
[Date "2011.08.03"]
[Round "1.3"]
[White "Plat,V"]
[Black "Gavrilov,Al1"]
[Result "0-1"]
[WhiteElo "2410"]
[BlackElo "2481"]

1.Nf3 d5 2.c4 d4 3.b4 Bg4 4.Ne5 Bf5 5.e3 Qd6 6.Qa4+ c6 7.Nf3 e5 8.Bb2 Qxb4
9.Qxb4 Bxb4 10.Nxe5 dxe3 11.fxe3 Nf6 12.Nc3 O-O 13.Be2 Re8 14.Nd3 Bxd3 15.Bxd3 Nbd7
16.O-O-O Rad8 17.Kc2 Nc5 18.Be2 Nce4 19.Rhf1 Nxc3 20.Bxc3 Bxc3 21.Kxc3 Ne4+
22.Kc2 g6 23.g4 Re5 24.d4 Re7 25.c5 b6 26.cxb6 axb6 27.Bf3 Ra8 28.Kb3 Rae8
29.Rd3 c5 30.Kc4 Rc8 31.Bxe4 Rxe4 32.Kb5 Rxg4 33.Kxb6 cxd4 34.exd4 Rg2 35.a4 Rb2+
36.Ka7 Ra2 37.d5 Rxa4+ 38.Kb7 Rc2 39.Rb1 Kf8 40.d6 Ke8 41.Re3+ Kd8 42.Re7 Rd4
43.Rxf7 Rxd6 44.Rxh7 Rg2 45.h4 Rd7+ 46.Rxd7+ Kxd7 47.Rh1 Rb2+ 48.Ka6 Ke6
49.h5 g5 50.h6 Rb8 51.h7 Rh8 52.Kb5 Ke5 53.Kc4 Ke4 54.Rg1 Kf4 55.Rf1+ Ke4
56.Rg1 Kf5 57.Rf1+ Kg6 58.Kd4 Rxh7 59.Rg1 Rh3 60.Ke4 Kh5 61.Kf5 Rf3+ 62.Ke4 g4
63.Rh1+ Kg5 64.Rh8 Rf7 65.Ke3 g3 66.Ke2 Kg4 67.Rh6 g2 68.Rg6+ Kh3 69.Rg8 Kh2
70.Rh8+ Kg1 71.Rh6 Re7+ 72.Kd2 Re5 73.Rh8 Kf2 74.Rf8+ Kg3 75.Rg8+ Kf3 76.Kd3 Re3+
77.Kd2 Re4  0-1

[Event "15th HZ Open"]
[Site "Vlissingen NED"]
[Date "2011.08.03"]
[Round "6"]
[White "Bosboom,M"]
[Black "Haast,A"]
[Result "1/2-1/2"]
[WhiteElo "2399"]
[BlackElo "2223"]

1.Nf3 d5 2.c4 dxc4 3.e3 Nf6 4.Bxc4 e6 5.Nc3 c5 6.O-O a6 7.d4 b5 8.Bb3 Bb7
9.e4 b4 10.e5 Nfd7 11.d5 bxc3 12.dxe6 fxe6 13.Ng5 cxb2 14.Nxe6 Qb6 15.Bxb2 Nc6
16.Rb1 Na5 17.Bc3 Nxb3 18.Qh5+ g6 19.Qg4 c4 20.axb3 Nc5 21.Nd4 cxb3 22.e6 Bg7
23.e7 Kf7 24.Nxb3 Bxc3 25.Nxc5 Qxc5 26.Rxb7 Rhe8 27.Rc1 Qe5 28.Qf3+ Qf6 29.Rxc3 a5
30.Qg3 Kg7 31.h4 a4 32.h5 Ra5 33.hxg6 hxg6 34.Rb1 a3 35.Rxa3 Rxa3 36.Qxa3 Rxe7
37.Qg3 Rf7 38.Rb3 Qd4 39.Re3 Qd1+ 40.Kh2 Qh5+  1/2-1/2

[Event "15th HZ Open"]
[Site "Vlissingen NED"]
[Date "2011.08.03"]
[Round "6"]
[White "Colijn,S"]
[Black "Gogollok,C"]
[Result "1-0"]
[WhiteElo "2207"]
[BlackElo "2004"]

1.Nf3 d5 2.c4 e6 3.g3 dxc4 4.Bg2 Nf6 5.Na3 Nbd7 6.Nxc4 c6 7.O-O Nb6 8.Nce5 Bd6
9.d4 O-O 10.Qc2 Nfd7 11.Bf4 Bxe5 12.dxe5 Nd5 13.Ng5 g6 14.Ne4 Nxf4 15.gxf4 Qe7
16.Rfd1 f6 17.Qc3 fxe5 18.fxe5 Qg7 19.Rxd7 Bxd7 20.Nf6+ Rxf6 21.exf6 Qf7
22.e4 e5 23.Qxe5 Be6 24.Rd1 Re8 25.Rd6 Bxa2 26.Qd4 Be6 27.Bf1 a6 28.Rxe6 Rxe6
29.Bc4 Qe8 30.Qd6 Kf7 31.e5 b5 32.Qc7+  1-0

[Event "Politiken Cup"]
[Site "Helsingor DEN"]
[Date "2011.08.04"]
[Round "7.82"]
[White "Finnlaugsson,G"]
[Black "Maagaard,David Bille"]
[Result "1/2-1/2"]
[WhiteElo "2072"]
[BlackElo "1906"]

1.Nf3 d5 2.c4 Nf6 3.cxd5 Qxd5 4.Nc3 Qa5 5.g3 g6 6.Bg2 Bg7 7.O-O O-O 8.a3 c6
9.b4 Qh5 10.Rb1 Bh3 11.d3 h6 12.e4 Nbd7 13.Ne1 Bxg2 14.Kxg2 Rad8 15.f3 Nh7
16.Ne2 Qb5 17.Be3 Ne5 18.a4 Qa6 19.d4 Nc4 20.Bf2 e5 21.b5 Qa5 22.Nd3 exd4
23.Qc1 Ne3+ 24.Bxe3 dxe3 25.Qxe3 Qxa4 26.Nc5 Qa2 27.e5 Qd2 28.Qf2 cxb5 29.Nxb7 Rb8
30.Rfd1 Qc2 31.Rdc1 Qf5 32.Rxb5 a6 33.Nd6 Qd7 34.Rxb8 Rxb8 35.f4 Nf8 36.Nd4 Ne6
37.Nc6 Ra8 38.Qf3 Kh7 39.Rb1 Bf8 40.Rb7 Nc7 41.Ne4 Qc8 42.Qb3 Kg7 43.Nd4 a5
44.Nd6 Bxd6 45.exd6 a4 46.Qf3 Ne6 47.d7 Qc4 48.Nxe6+  1/2-1/2

[Event "Montecatini Open A"]
[Site "Montecatini Terme ITA"]
[Date "2011.08.04"]
[Round "6"]
[White "Contin,D"]
[Black "Dvirnyy,D"]
[Result "1/2-1/2"]
[WhiteElo "2319"]
[BlackElo "2436"]

1.Nf3 d5 2.c4 c6 3.e3 Nf6 4.d4 e6 5.Bd3 Bd6 6.O-O O-O 7.Nbd2 c5 8.dxc5 Bxc5
9.a3 a5 10.b3 Nc6 11.Bb2 h6 12.Qc2 d4 13.Ne4 Nxe4 14.Bxe4 dxe3 15.fxe3 f5
16.Bxc6 bxc6 17.Qc3 Qf6 18.Ne5 f4 19.Rae1 Qg5 20.h4 Qf6 21.g3 g5 22.Kh2 Bxe3
23.Rxe3 fxg3+ 24.Rxg3 Qxf1 25.Nf3 Ra7 26.Qh8+ Kf7 27.Qg7+ Ke8 28.Qxa7 Rxf3
29.Rxf3 Qxf3 30.Qg7 Qf2+ 31.Kh1 Qf1+ 32.Kh2 Qf2+ 33.Kh1 Qxh4+ 34.Kg2 Qg4+
35.Kf2 Qf4+ 36.Ke2 e5 37.Qh8+ Kd7 38.Bxe5 Qf5 39.Kd2 c5 40.Bf6 g4 41.Qxh6 g3
42.Qg7+ Kc6 43.Be5  1/2-1/2

[Event "112th US Open"]
[Site "Orlando USA"]
[Date "2011.08.04"]
[Round "3"]
[White "Ramirez,Alej"]
[Black "Mulyar,M"]
[Result "1-0"]
[WhiteElo "2592"]
[BlackElo "2410"]

1.Nf3 d5 2.c4 e6 3.b3 Nf6 4.g3 Be7 5.Bg2 O-O 6.O-O c5 7.e3 b6 8.Bb2 Bb7 9.Qe2 Nc6
10.Rd1 Qc7 11.Nc3 dxc4 12.bxc4 Rac8 13.Rac1 Rfd8 14.d4 Na5 15.Nb5 Qb8 16.d5 exd5
17.Be5 Qa8 18.Nc7 Rxc7 19.Bxc7 Rc8 20.cxd5 Bxd5 21.Be5 c4 22.Bc3 Ba3 23.Rc2 Be4
24.Bxf6 gxf6 25.Nh4  1-0

[Event "98th ch-GBR"]
[Site "Sheffield ENG"]
[Date "2011.08.04"]
[Round "10.38"]
[White "Pleasants,A"]
[Black "Magee,Ronan"]
[Result "0-1"]
[WhiteElo "2092"]
[BlackElo "1953"]

1.Nf3 d5 2.c4 e6 3.e3 Nf6 4.Nc3 Be7 5.d4 O-O 6.Bd3 Nbd7 7.O-O dxc4 8.Bxc4 a6
9.a3 b5 10.Ba2 c5 11.Qe2 Bb7 12.Rd1 Qb6 13.dxc5 Nxc5 14.b4 Nce4 15.Bb2 Nxc3
16.Bxc3 Rac8 17.Rac1 Bd5 18.Bd4 Qb7 19.Bxd5 Nxd5 20.Qb2 f6 21.Qa2 Rxc1 22.Rxc1 Rc8
23.Bc5 Bxc5 24.bxc5 Qe7 25.c6 Qd6 26.Nd4 Kf8 27.g3 Kf7 28.Qc2 Qxa3 29.e4 Ne7
30.c7 Qd6 31.Nf3 Ng6 32.e5 Nxe5 33.Nxe5+ fxe5 34.Rd1 Rxc7 35.Qe2 Qe7 36.Qh5+ Kg8
37.Qxe5 Rc5 38.Qb8+ Kf7 39.Qa8 Rd5 40.Ra1 Qd6 41.Qa7+ Kf6 42.Rxa6 Rd1+ 43.Kg2 Qd5+
44.Kh3 Rg1  0-1

[Event "16th Creon Open"]
[Site "Creon FRA"]
[Date "2011.08.05"]
[Round "7.4"]
[White "Olarasu,G"]
[Black "Saada,J"]
[Result "0-1"]
[WhiteElo "2287"]
[BlackElo "2310"]

1.Nf3 d5 2.c4 c6 3.e3 Nf6 4.d4 e6 5.Nbd2 Nbd7 6.Bd3 Bd6 7.O-O O-O 8.b3 e5
9.cxd5 cxd5 10.dxe5 Nxe5 11.Be2 Re8 12.Bb2 Nc6 13.Rc1 Qe7 14.Bd3 Bg4 15.h3 Bh5
16.Qc2 Ne4 17.Bb5 Rac8 18.Bxc6 bxc6 19.Nxe4 dxe4 20.Nd2 Be2 21.Nxe4 Bxf1
22.Nxd6 Qxd6 23.Qc3 f6 24.Rxf1 Red8 25.Rc1 Qe6 26.Qa5 Qd5 27.Qa6 Qd3 28.Qxd3 Rxd3
29.Bd4 Rd2 30.Bxa7 Ra8 31.Bb6 Raxa2 32.e4 Rac2 33.Ra1 c5 34.Rf1 Re2  0-1

[Event "15th HZ Open"]
[Site "Vlissingen NED"]
[Date "2011.08.05"]
[Round "8"]
[White "Bus,T"]
[Black "Gogollok,C"]
[Result "1-0"]
[WhiteElo "2237"]
[BlackElo "2004"]

1.Nf3 d5 2.c4 e6 3.g3 Nf6 4.Bg2 Be7 5.O-O O-O 6.d4 c6 7.Qc2 Nbd7 8.Nbd2 b5
9.b3 bxc4 10.bxc4 Ba6 11.Qa4 Qc8 12.Qc2 c5 13.Ba3 Re8 14.Rfc1 cxd4 15.Bxe7 Rxe7
16.Nxd4 Nb6 17.cxd5 Rc7 18.Qxc7 Qxc7 19.Rxc7 Nfxd5 20.Rc5 Rd8 21.Ra5 Nb4
22.N2b3 Nc4 23.Nc6 Nxc6 24.Rxa6 Nb4 25.Rxa7  1-0

[Event "Arad Open A"]
[Site "Arad ROU"]
[Date "2011.08.06"]
[Round "2.3"]
[White "Drenchev,P"]
[Black "Pop,A"]
[Result "0-1"]
[WhiteElo "2523"]
[BlackElo "2116"]

1.Nf3 d5 2.c4 e6 3.d4 c5 4.cxd5 exd5 5.g3 Nc6 6.Bg2 Nf6 7.O-O Be7 8.dxc5 Bxc5
9.a3 O-O 10.b4 Be7 11.Nc3 Be6 12.Bb2 Qd7 13.Qa4 a6 14.Rfd1 Rfd8 15.Rd2 d4
16.Rad1 b5 17.Qc2 Bf5 18.Qc1 Rac8 19.Qa1 Qa7 20.Na2 Ne4 21.Nxd4 Nxd2 22.Nxf5 Nb3
23.Qb1 Ncd4 24.Nxd4 Nxd4 25.e3 Ne6 26.Bd5 Qc7 27.Rd2 Bf6 28.Bxf6 gxf6 29.Qd1 Qe5
30.e4 f5 31.Bxe6 Rxd2 32.Bxf7+ Kxf7 33.Qxd2 Rc7 34.exf5 Re7 35.Kg2 Qe4+ 36.Kh3 Qxf5+
37.Kg2 Qe4+ 38.Kh3 Re5 39.Qd7+ Kg6 40.Qd6+ Re6 41.Qd8 Kf5 42.Qf8+ Rf6 43.Qg7 Ke6
44.Qg8+ Kd7 45.Qg7+ Qe7 46.Qg5 Qe6+ 47.Kg2 Qe4+ 48.Kh3 Qf5+ 49.Qxf5+ Rxf5
50.f4 Rd5 51.Nc3 Rd3 52.Ne4 Rxa3 53.Kg4 a5 54.bxa5 Rxa5 55.Nc5+ Ke7 56.Nd3 Ra4
57.Kf3 b4 58.Ke3 b3 59.Kd2 Rc4  0-1

[Event "FSIMA August"]
[Site "Budapest HUN"]
[Date "2011.08.06"]
[Round "1"]
[White "Kamberi,S"]
[Black "Lapenna,A"]
[Result "1-0"]
[WhiteElo "2279"]
[BlackElo "2150"]

1.Nf3 d5 2.c4 c6 3.e3 Nf6 4.Nc3 g6 5.d4 Bg7 6.Qb3 O-O 7.Bd2 dxc4 8.Bxc4 Ne8
9.O-O Nd6 10.Be2 Nd7 11.Rfd1 Nf6 12.Rac1 Be6 13.Qc2 Bf5 14.Bd3 Bg4 15.e4 Nd7
16.Be3 Rc8 17.Be2 c5 18.d5 Bxf3 19.Bxf3 f5 20.exf5 Nxf5 21.Ne4 Ne5 22.Be2 Nd4
23.Bxd4 cxd4 24.Qb3 Qb6 25.Bb5 Nf7 26.Rxc8 Rxc8 27.d6 exd6 28.Ng5 Qc7 29.Qe6 Rf8
30.Bc4 Be5 31.f4 Bxf4 32.Nxf7 Be3+ 33.Kh1 Rxf7  1-0

[Event "Politiken Cup"]
[Site "Helsingor DEN"]
[Date "2011.08.06"]
[Round "9.96"]
[White "Johansson,An"]
[Black "Henningsen,Lasse"]
[Result "0-1"]
[WhiteElo "2089"]
[BlackElo "1670"]

1.Nf3 d5 2.c4 c6 3.cxd5 cxd5 4.d4 Nc6 5.Nc3 Nf6 6.Bf4 g6 7.e3 Bg7 8.Ne5 O-O
9.Nxc6 bxc6 10.Be5 Qa5 11.Qa4 Qxa4 12.Nxa4 Nd7 13.Bxg7 Kxg7 14.Rc1 Bb7 15.Nc5 Nxc5
16.Rxc5 Rfe8 17.Bd3 Kf6 18.f4 Ke6 19.Kd2 Kd6 20.Rhc1 f6 21.Ra5 e5 22.Rc3 exd4
23.exd4 Re7 24.Rca3 Bc8 25.b4 Bf5 26.b5 Bxd3 27.b6 Bb5 28.Rxa7 Rexa7 29.Rxa7 Rb8
30.a4 Bxa4 31.Rxa4 Rxb6 32.Kc3 h5 33.Ra2 Ke6 34.Re2+ Kf5 35.g3 h4 36.Kc2 hxg3
37.hxg3 Rb4 38.Kc3 Ra4 39.g4+ Kxg4 40.Re6 Rc4+ 41.Kd3 Kf5 42.Rd6 Rc1 43.Kd2 Rf1
44.Rxc6 Rxf4  0-1